Missing Word: Christmas Songs A-Z Quiz Stats

 Plays Quiz Updated Dec 25, 2015

Challenge
Share
Tweet
Embed
Score 0/24 Timer 03:00
0 Plays Today
Hint Answer % Correct
Jingle ____ RockBell
99.1%
Rockin' ____ the Christmas TreeAround
98%
____ the HallsDeck
95.6%
____ the SnowmanFrosty
94.1%
____ to the WorldJoy
91.3%
Let It ____Snow
90.3%
____ the Red-Nosed ReindeerRudolph
89.1%
____! The Herald Angels SingHark
88.8%
The ____ Days of ChristmasTwelve
88.5%
____ WonderlandWinter
88.4%
Have ____ a Merry Little ChristmasYourself
85.7%
Feliz ____Navidad
82.2%
Hint Answer % Correct
You're a Mean ____, Mr. GrinchOne
81.2%
God Rest Ye Merry, ____Gentlemen
80.1%
Good ____ WenceslasKing
79.2%
I Wish It Could Be Christmas ____Everyday
79%
It Came ____ a Midnight ClearUpon
77.9%
Happy ____ (War Is Over) Xmas
70.2%
____ of the BellsCarol
67.2%
Christmas at the ____Zoo
65.4%
____ Saint NickLittle
55.1%
A ____ From St. NicholasVisit
51.1%
____ of the Wooden SoldiersParade
45.8%
____ KalikimakaMele
29.4%

Today's Daily Dose

You're not logged in!

Compare scores with friends on all Sporcle quizzes.
Join for Free
OR
Log In

You Might Also Like...

Show Comments

Extras

Top Quizzes Today


Score Distribution

Your Account Isn't Verified!

In order to create a playlist on Sporcle, you need to verify the email address you used during registration. Go to your Sporcle Settings to finish the process.

Report this User

Report this user for behavior that violates our Community Guidelines.

Details: